El Parlamento Europeo / Joan Subirats y Pere Vilanova, eds. ; apéndice documental por Blanca Vilà ; traducción de Juana Bignozzi y José Manuel Álvarez Flórez
Descripción Física:
233 p. ; 23 cm
Colección:
Ariel ciencia política
Otros Autores:
Subirats, Joan (Subirats i Humet), 1951-
,
Vilanova, Pere, ed
,
Vilà, Blanca I
,
Bignozzi, Juana
,
Álvarez Flórez, José Manuel
Materias:
Parlament Europeu
MARC
| LEADER | 00000nam a2200000Ia 4500 | ||
|---|---|---|---|
| 001 | 1685 | ||
| 008 | 160829s1984 xx 000 0 cat d | ||
| 080 | |a M-2-124 | ||
| 245 | |a El Parlamento Europeo / Joan Subirats y Pere Vilanova, eds. ; apéndice documental por Blanca Vilà ; traducción de Juana Bignozzi y José Manuel Álvarez Flórez | ||
| 260 | |a Barcelona : |b Ariel, |c 1984 | ||
| 300 | |a 233 p. ; |c 23 cm | ||
| 490 | |a Ariel ciencia política | ||
| 650 | |a Parlament Europeu |9 44778 | ||
| 700 | |a Subirats, Joan |q (Subirats i Humet), |d 1951- |e editor literari |9 148 | ||
| 700 | |a Vilanova, Pere, ed. |9 34545 |e editor literari | ||
| 700 | |a Vilà, Blanca I |9 34546 |e autor del pròleg | ||
| 700 | 1 | |a Bignozzi, Juana |e traductor |9 34547 | |
| 700 | |a Álvarez Flórez, José Manuel |9 34548 | ||
| 901 | |a Arxiu | ||
| 942 | |n 1 |2 udc | ||
| 952 | |0 0 |1 0 |4 0 |6 M2124 |7 1 |9 46557 |a Arxiu |b Arxiu |d 2016-12-01 |l 0 |o M-2-124 |p 1685 |r 2016-12-01 00:00:00 |w 2016-12-01 |y ARXIU | ||
| 999 | |c 50350 |d 50350 | ||